| 000 | 01334nam a2200289Ia 4500 | ||
|---|---|---|---|
| 999 |
_c34661 _d34661 |
||
| 001 | 439 | ||
| 003 | GE_BSU | ||
| 005 | 20220616112907.0 | ||
| 008 | 181216s2009||||ge |||||||||||||| ||geo|| | ||
| 020 | _a9789941126949 | ||
| 040 | _cGE_BSU | ||
| 041 | _ageo | ||
| 080 | _a321.01 გ–69 | ||
| 100 |
_aგორგილაძე, ირაკლი _913494 |
||
| 245 |
_aგეოპოლიტიკის საფუძვლები : _b [სახელმძღვ. სტუდ.] / _cირაკლი გორგილაძე ; [რედ.: მურმან გორგოშაძე, ლევან ჯაყელი]. |
||
| 264 |
_aთბილისი : _bუნივერსალი, _c2009. |
||
| 300 |
_a133 გვ. _bცხრ. ; _c20 სმ. |
||
| 504 | _aრეკომენდ. ლიტ.: გვ. 128-130. | ||
| 520 | _a რეზ. ინგლ. | ||
| 653 | _aგეოპოლიტიკა | ||
| 653 | _aგეოპოლიტიკის საფუძვლები | ||
| 653 | _aპოლიტოლოგია | ||
| 653 | _aსახელმძღვანელო | ||
| 700 |
_aგორგოშაძე, მურმან _eრედაქტორი _914109 |
||
| 700 |
_aჯაყელი, ლევან _eრედაქტორი _914110 |
||
| 942 |
_cBK _2udc |
||